|
|
|
|
| LEADER |
00000cam a22000004a 4500 |
| 001 |
musev2_42893 |
| 003 |
MdBmJHUP |
| 005 |
20230905044507.0 |
| 006 |
m o d |
| 007 |
cr||||||||nn|n |
| 008 |
151103s1970 nju o 00 0 eng d |
| 020 |
|
|
|a 9781400877249
|
| 020 |
|
|
|z 9780691000015
|
| 020 |
|
|
|z 9780691030142
|
| 020 |
|
|
|z 9780691623962
|
| 020 |
|
|
|z 9780691650579
|
| 035 |
|
|
|a (OCoLC)927405394
|
| 040 |
|
|
|a MdBmJHUP
|c MdBmJHUP
|
| 100 |
1 |
|
|a Lockwood, William W.
|q (William Wirt),
|d 1906-1978.
|
| 245 |
1 |
4 |
|a Economic Development of Japan /
|c by William W. Lockwood.
|
| 250 |
|
|
|a Expanded edition.
|
| 264 |
|
1 |
|a Princeton, N.J. :
|b Princeton University Press,
|c 1968 [reprinted 1970, 1954]
|
| 264 |
|
3 |
|a Baltimore, Md. :
|b Project MUSE,
|c 2017
|
| 264 |
|
4 |
|c ©1968 [reprinted 1970, 1954]
|
| 300 |
|
|
|a 1 online resource (702 pages):
|b map
|
| 336 |
|
|
|a text
|b txt
|2 rdacontent
|
| 337 |
|
|
|a computer
|b c
|2 rdamedia
|
| 338 |
|
|
|a online resource
|b cr
|2 rdacarrier
|
| 490 |
0 |
|
|a Princeton Legacy Library
|
| 588 |
|
|
|a Description based on print version record.
|
| 651 |
|
7 |
|a Japan.
|2 fast
|0 (OCoLC)fst01204082
|
| 651 |
|
6 |
|a Japon
|x Conditions economiques.
|
| 651 |
|
0 |
|a Japan
|x Economic conditions.
|
| 650 |
|
7 |
|a Industries.
|2 fast
|0 (OCoLC)fst00971852
|
| 650 |
|
7 |
|a Economic history.
|2 fast
|0 (OCoLC)fst00901974
|
| 650 |
|
7 |
|a BUSINESS & ECONOMICS
|x Economic Conditions.
|2 bisacsh
|
| 650 |
|
7 |
|a BUSINESS & ECONOMICS
|x Reference.
|2 bisacsh
|
| 650 |
|
7 |
|a BUSINESS & ECONOMICS
|x Economics
|x General.
|2 bisacsh
|
| 650 |
|
6 |
|a Industrie
|z Japon.
|
| 650 |
|
0 |
|a Industries
|z Japan.
|
| 655 |
|
7 |
|a Electronic books.
|2 local
|
| 710 |
2 |
|
|a Project Muse.
|e distributor
|
| 830 |
|
0 |
|a Book collections on Project MUSE.
|
| 856 |
4 |
0 |
|z Texto completo
|u https://projectmuse.uam.elogim.com/book/42893/
|
| 945 |
|
|
|a Project MUSE - Custom Collection
|
| 945 |
|
|
|a Project MUSE - Archive Complete Supplement V
|
| 945 |
|
|
|a Project MUSE - Archive Political Science and Policy Studies Supplement V
|
| 945 |
|
|
|a Project MUSE - Archive Asian and Pacific Studies Supplement IV
|